Comportamiento del sector forestal durante el período 1950-1977/
Na minha lista:
| Autor principal: | |
|---|---|
| Outros Autores: | |
| Formato: | Texto |
| Publicado em: |
San José:
OPSA
|
| Tags: |
Adicionar Tag
Sem tags, seja o primeiro a adicionar uma tag!
|
MARC
| LEADER | 00000 a a2200000 04500 | ||
|---|---|---|---|
| 001 | 19178 | ||
| 003 | |||
| 040 | |||
| 090 | |a 019000 | ||
| 100 | |a Pérez, Samuel | ||
| 245 | |a Comportamiento del sector forestal durante el período 1950-1977/ |c Samuel Pérez | ||
| 260 | |a San José: |b OPSA | ||
| 300 | |a 59 p. | ||
| 700 | |a Protti, Fernando | ||
| 999 | |c 2150 |d 2150 | ||
